MDQL
is popping MORE tags! Check the
thread
!
Quizzes
Events
Quiz Creation
Community
Videos
Private Events
Remove Ads
Sign In
Join for FREE
Feedback
Dark Mode
Quiz Categories
Sports
Geography
Music
Movies
Television
Just For Fun
Miscellaneous
History
Literature
Language
Science
Gaming
Entertainment
Religion
Holiday
For Kids
Quiz Lab
Recent
Popular Today
Quiz Kudos Today
Editor Picks
Curator Picks
Quizzes by...
Day
Popularity
Type
Ratings
Length
Year
Community
Subscriptions
Recent Discussions
Orange Saloon
Badges
Playlists
Quests
Create
Leaderboards
Showdown
Live 5
Trivia Bingo
Activity
Puzzle Library
Sporcle Events
Private Events
Virtual Trivia
Globe League
Become a Host
Pub Owners
SporcleCon
Opinionation
Our Games
Videos
Blog
Mobile Apps
Partnerships
Remove Ads and Go Orange
Feedback
Music
Pop Music
The Beatles
Song
Album
Lyrics
Bands
Singers
Artist
Clip
Rock
Rap
Classical
Billboard
Country Music
Kpop
Taylor Swift
Music
Pop Music
The Beatles
Song
Album
Lyrics
Bands
Singers
Artist
Clip
Rock
Rap
Classical
Billboard
Country Music
Kpop
Taylor Swift
Random Quiz
Search Sporcle
×
Quiz Lab
Quiz Lab
Music
Singers
Type in answers that appear in a list
Type in answers that appear in a list
Classic
Best Score? Go Orange.
Most Grammy's won... Stats
Can you name the Most Grammy's won...?
By
chaste
6m
25 Questions
1,130 Plays
1,130 Plays
1,130 Plays
Comments
Comments
Give Quiz Kudos
Give Quiz Kudos
-
- Ratings
hide this ad
Replay
Link that replays current quiz
Next Quiz
Link to next quiz in quiz playlist
You Got
0%
They Got
Avg Score
27%
Avg Friend Score
Upgrade to see
Score Distribution
Jump to the score distribution portion of the page
Score
0/25
Timer
06:00
0
Plays Today
Singer/Band
% Correct
The Beatles, Metallica, Santana
74.2%
Leonard Bernstein, Chick Corea, Sting, Yo-Yo Ma
66.7%
Beyoncé
56.7%
U2
51.6%
U2
51.6%
Quincy Jones
47.4%
Quincy Jones
47.4%
Stevie Wonder
36.8%
Stevie Wonder
36.8%
Aretha Franklin
35.3%
Vince Gill, Henry Mancini, Bruce Springsteen
30.9%
Ray Charles, Eric Clapton
23.4%
Coldplay, Simon and Garfunkel
21%
Singer/Band
% Correct
Alison Krauss
19.5%
Alison Krauss
19.5%
Emmylou Harris, Alicia Keys
19.5%
Georg Solti
7.8%
Ella Fitzgerald
7.6%
David Foster
7.2%
Babyface, T Bone Burnett
6.8%
Rod Stewart, Alison Krauss and Union Station
6.6%
Steven Epstein, Phil Ramone
6.1%
Pat Metheny, Jimmy Sturr
2.2%
Pat Metheny Group, Take 6
2.2%
Arif Mardin
2%
Quiz Playlist
Details
Report
Send in Message
Add To Playlist
Classic:
Type in answers that appear in a list
Quiz Source
Last Updated: Feb 16, 2017
Quiz Scoreboard
CHALLENGE
Sign Up to Join the Scoreboard
Show All
Scores
Hide
Comments
May contain spoilers
Recently Published
Holiday 10x10 Sorting Gallery
by lukepisani3
Holiday
15m
Two Season TV Shows II
by 123Four
Television
10m
Image Sorting: Flags VI
by Barbecue
Geography
2m
More to Explore
Quiz From the Vault
Featured Blog Post
14 Easter Pick-up Lines to Find Eggs With
hide this ad
You Might Also Like...
Tags
Bands Quiz
Numbers Quiz
Singers Quiz
Grammy
Rammy
Won
Today's Top Quizzes in Music
Browse Music
hide this ad
Today's Top Quizzes in Singers
Browse Singers
Top Contributed Quizzes in Music
1
5X2 Blitz: Bands II
2
Taylor Swift All Songs (2024)
3
5X2 Blitz: The Beatles
4
5X2 Blitz: Billboard
5
Music Artist by Three 2010s hits
6
5X2 Blitz: Billboard II
7
5X2 Blitz: Album
8
5X2 Blitz: Rock
9
5X2 Blitz: Singers
10
5X2 Blitz: Lyrics
Explore More
Trending Topics
Kpop
Marvel
Harry Potter
Crossword
Anime
NBA
Disney
Puzzle
The Office
NFL
Soccer
Pokémon
WWE
Song
Country
hide this ad
More By:
chaste
Quiz
Plays
Rating
Category
Featured
Created
'Respect' Lyrics
78,868
4.36
Music
Feb 17, 2012
Top 5 European Cities With Each Letter
41,545
4.35
Geography
Feb 18, 2015
Billboard Domination II
35,195
4.37
Music
May 25, 2011
Top 100 Bands (1972)
34,516
4.49
Music
Nov 27, 2010
Wuthering Heights or Pride and Prejudice?
21,379
4.55
Literature
Jun 27, 2015
Go to Creator's Profile
Score Distribution
Quiz Creator Spotlight
chaste
Follow
Send a Message
Quizzes Created
-
Created Quiz Play Count
-
More By This Creator
Popular Quizzes Today
1
Find the US States - No Outlines Minefield
2
Colored Red Africa Blitz
3
Find the 'City' Movie
4
The Countries of the World
5
5x2 Blitz: Bands
6
Find the US States
7
Find the Countries of Europe - No Outlines Minefield
8
US States
More Music Quizzes
'Sweet Caroline' Lyrics
Published
Trending Quizzes
Colored Red Europe Blitz I
Colored Red Europe Blitz II
Colored Red Africa Blitz II
Colored Red Europe Blitz III
Colored Red Africa Blitz III
Recently Updated
Odd Team Out - Big 4 Players
pecheneg
Quick Pick: 20 Twenties
pecheneg
March Madness Men's Triple Doubles
pecheneg
How Do You Spell That?
pecheneg
Godzilla Movies
pecheneg
Grab Bag: 4-10 Letters
pecheneg
2024 March Madness Bracket
pecheneg
Famous TV Couples
Peacemaker
Champions League XIs: Real Madrid
pecheneg
Largest US Cities 1790-2010
pecheneg
Trending Topics
Harry Potter
Marvel
Crossword
Kpop
Disney
NBA
Anime
Song
Country
Soccer
WWE
Puzzle
NFL
Pokémon
The Office
Your Account Isn't Verified!
In order to create a playlist on Sporcle, you need to verify the email address you used during registration. Go to your
Sporcle Settings
to finish the process.
Report this User
Report this user for behavior that violates our
Community Guidelines
.
Details:
Send Report
Go to the Sporcle.com Mobile Site →
Comments